00353nam a2200157Ia 4500008004100000020001400041245002400055245001900079260001500098260001600113260000900129300001400138300002500152300001000177500000800187170705s9999 xx 000 0 und d a439384095 aD.W. rides again! / cby Marc Brown. aNew York : bScholastic, c1993 aunpaged : bcolor illustration ; c20cm. a310